The ancient Greeks

Αποθηκεύτηκε σε:
Λεπτομέρειες βιβλιογραφικής εγγραφής
Κύριος συγγραφέας: Finley, M. I. (Moses I.), 1912-1986
Μορφή: Βιβλίο
Γλώσσα:English
Δημοσίευση: London : Penguin Books, 1991.
Θέματα:
Ετικέτες: Προσθήκη ετικέτας
Δεν υπάρχουν, Καταχωρήστε ετικέτα πρώτοι!

MARC

LEADER 00000cam a2200000 i 4500
001 1/3151
008 960311s1991 eng d
020 |a 0-14-013707-6 
035 |l 10015117 
040 |a GR-MY-UA  |b gre  |e aacr 
041 0 |a eng 
082 0 |a 938.106 
100 1 |a Finley, M. I.   |q (Moses I.),   |d 1912-1986. 
245 1 4 |a The ancient Greeks /  |c Finley M.I.  
260 |a London :   |b Penguin Books,   |c 1991.  
300 |a 203 σ. :   |b εικ.  
651 0 |a Greece  |x Civilization  |y To 146 B.C. 
852 |a INST  |b LESVOS  |e 19960311  |h 938.106 FIN  |p 005100006905  |q 005100006905  |t BK  |y 0 
909 |a Λ  |b 020038 
922 |a 1ΕΛΗ  |b 199105  |c ΠΠ/1010